A study on the Biblical fellowship of the early Christians and its implications to the Evangelical Baptist Convention in Lamka (Record no. 9078)

MARC details
000 -LEADER
fixed length control field 00556nam a22001697a 4500
003 - CONTROL NUMBER IDENTIFIER
control field GBCCL
005 - DATE AND TIME OF LATEST TRANSACTION
control field 20241126110704.0
008 - FIXED-LENGTH DATA ELEMENTS--GENERAL INFORMATION
fixed length control field 220405b ||||| |||| 00| 0 eng d
040 ## - CATALOGING SOURCE
Transcribing agency gbc
082 ## - DEWEY DECIMAL CLASSIFICATION NUMBER
Classification number ARCH GBC-2020
Item number GIN
100 ## - MAIN ENTRY--PERSONAL NAME
Personal name Ginkhual, K
9 (RLIN) 15838
245 ## - TITLE STATEMENT
Title A study on the Biblical fellowship of the early Christians and its implications to the Evangelical Baptist Convention in Lamka
260 ## - PUBLICATION, DISTRIBUTION, ETC.
Place of publication, distribution, etc. New Lamka:
Name of publisher, distributor, etc. Grace Bible College,
Date of publication, distribution, etc. 2020
300 ## - PHYSICAL DESCRIPTION
Extent ,xvii 56 p.;
650 ## - SUBJECT ADDED ENTRY--TOPICAL TERM
Topical term or geographic name entry element Christianity
Form subdivision EBC
Geographic subdivision North East India
9 (RLIN) 15839
942 ## - ADDED ENTRY ELEMENTS (KOHA)
Source of classification or shelving scheme Dewey Decimal Classification
Koha item type Thesis
Holdings
Withdrawn status Lost status Source of classification or shelving scheme Damaged status Not for loan Home library Current Library Shelving location Date acquired Total checkouts Full call number Barcode Date last seen Copy number Price effective from Koha item type
    Dewey Decimal Classification     GRACE BIBLE COLLEGE GRACE BIBLE COLLEGE Archives 2022-04-05   ARCH GBC-2020 GIN 025172 2025-05-01 c.1 2022-04-05 Thesis
© Grace Bible College Library 2025